Exploraciones arqueológicas en la ciudad prehistórica de La Paya, Valle Calchaquí, Provincia de Salta. Campañas de 1906 y 1907
Salvato in:
| Autore principale: | |
|---|---|
| Natura: | Libro |
| Lingua: | spagnolo |
| Pubblicazione: |
Buenos Aires
Imprenta de M. Biedma e Hijo
1907
|
| Edizione: | 1a. ed |
| Soggetti: | |
| Tags: |
Aggiungi Tag
Nessun Tag, puoi essere il primo ad aggiungerne!!
|
MARC
| LEADER | 00000nam a2200000 a 4500 | ||
|---|---|---|---|
| 001 | UCJ7453 | ||
| 003 | CL-VaPUC | ||
| 008 | 070124e19070000AG |||||||||||||||||spa|d | ||
| 082 | 0 | 4 | |a 573 |b AMB |2 21 |
| 100 | 0 | |a Ambrosetti, Juan B |e author |9 515885 | |
| 245 | 1 | 0 | |a Exploraciones arqueológicas en la ciudad prehistórica de La Paya, Valle Calchaquí, Provincia de Salta. Campañas de 1906 y 1907 |
| 250 | |a 1a. ed | ||
| 300 | |a 534 p | ||
| 942 | |c BK | ||
| 945 | |d 20070124 00:00:00 |a rinostro | ||
| 260 | |a Buenos Aires |b Imprenta de M. Biedma e Hijo |c 1907 | ||
| 500 | |a Ilustraciones sin indizar; advierte errata | ||
| 650 | 0 | |a Arqueología |9 265619 | |
| 650 | 0 | |a Alfarería |9 341805 | |
| 650 | 0 | |a Ilustraciones |9 369481 | |
| 650 | 0 | |a Mapas |9 260844 | |
| 651 | 0 | |a Argentina |9 254888 | |
| 583 | |a last modification |c 20070124 00:00:00 |k Rodrigo Vera | ||
| 999 | |c 323537 |d 323535 | ||
| 952 | |0 0 |1 0 |4 0 |6 573_000000000000000_AMB_1907 |7 0 |8 X |9 403224 |a FDOBUD |b FDOBUD |d 2019-11-22 |i 1064037 |o 573 AMB 1907 |p 1064037 |r 2019-11-22 |w 2019-11-22 |y BK_X |k BUD | ||